The ruby sword : a romance of Baluchistan /

Bibliographic Details
Main Author: Mitford, Bertram, 1855-1914
Format: Book
Language:English
Published: London : F. V. White, 1899.

MARC

Tag First Indicator Second Indicator Subfields
LEADER 00000cam a2200000 i 4500
001 in00000080559
005 20151008052939.0
008 800514s1899 enka 00011 eng d
035 |a (OCoLC)06318628 
035 |9 AAH5578AM 
040 |a TXA  |c TXA  |d UtOrBLW 
049 |a TXAS  |c [1102885] 
090 |a PZ3.M696  |b Ru 
100 1 |a Mitford, Bertram,  |d 1855-1914. 
245 1 4 |a The ruby sword :  |b a romance of Baluchistan /  |c by Bertram Mitford ; with illustrations by Harold Pifford. 
264 1 |a London :  |b F. V. White,  |c 1899. 
300 |a 336 pages, 3 unnumbered leaves of plates :  |b illustrations ;  |c 20 cm. 
336 |a text  |b txt  |2 rdacontent 
337 |a unmediated  |b n  |2 rdamedia 
338 |a volume  |b nc  |2 rdacarrier 
999 |a MARS 
999 f f |s a782128f-4acc-3010-9534-1f529fbe11f3  |i a5e31763-96da-3271-84ac-0110e0fc29ae  |t 0 
952 f f |p noncirc  |a Texas A&M University  |b College Station  |c Cushing Memorial Library & Archives  |d Cushing: Science Fiction (Does not check out)  |t 0  |e PZ3.M696 Ru  |h Library of Congress classification  |i unmediated -- volume  |m A14800421732 
998 f f |a PZ3.M696 Ru  |t 0  |l Cushing: Science Fiction (Does not check out)